| 000 | 01035nam0a22002291 4500 | ||
|---|---|---|---|
| 001 | rc\4134050 | ||
| 005 | 20250611003000.0 | ||
| 035 | _a(NLR Aleph) 007986255 | ||
| 090 |
_a8550789 _c8550789 |
||
| 100 | _a20130415d1946 |||y0rusy50 ca | ||
| 101 | 0 | _arus | |
| 102 | _aRU | ||
| 105 | _ay z ||||| | ||
| 200 | 1 |
_aТезисы докладов _fМоск. отд. Всесоюз. науч. инж.-техн. о-ва машиностроителей МОНИТОМАШ. Секция П.П.Р. Науч.-техн. ком. по ремонту. Науч.-техн. сессия по план.-предупред. ремонту оборудования 6-7 дек. 1946 г. |
|
| 210 |
_aМосква _cБ. и. _d1946 |
||
| 215 |
_a11 с. _d20 |
||
| 710 | 1 | 2 | _aНаучно-техническая сессия по планово-предупредительному ремонту оборудования (1946; Москва) |
| 801 | 0 |
_aRU _bNLR _gpsbo |
|
| 801 | 1 |
_aRU _bELAR _2rusmarc |
|
| 852 |
_aNLR _j59-4/18797 |
||
| 942 | _cBOOK | ||
| 980 | _aNB | ||